Hispanoamérica hacia 1776 (Record no. 103787)

MARC details
000 -LEADER
campo de control de longitud fija 00652nam a2200181 i 4500
001 - NÚMERO DE CONTROL
campo de control 103787
003 - IDENTIFICADOR DE NÚMERO DE CONTROL
campo de control ES-MaACL
007 - CAMPO FIJO DE DESCRIPCIÓN FÍSICA--INFORMACIÓN GENERAL
campo de control de longitud fija t|
008 - DATOS DE LONGITUD FIJA--INFORMACIÓN GENERAL
campo de control de longitud fija 051118s1980 sp ||||1| spa d
111 0# - ENTRADA PRINCIPAL--NOMBRE DE CONGRESO/REUNIÓN
Nombre de congreso/reunión o jurisdicción como elemento de entrada Mesa redonda sobre la America Hispana en 1776
Fecha del congreso o de la firma del tratado (1976.
Sede del congreso/Lugar de la reunión Madrid)
9 (RLIN) 917
245 10 - MENCIÓN DEL TÍTULO
Título Hispanoamérica hacia 1776
Resto del título : (actas de la... ) /
Mención de responsabilidad, etc. Leoncio Cabrero... [et al.].
260 ## - PUBLICACIÓN, DISTRIBUCIÓN, ETC.
Lugar de publicación, distribución, etc. Madrid :
Nombre del editor, distribuidor, etc. Instituto Gonzalo Fernández de Oviedo,
Fecha de publicación, distribución, etc. 1980.
300 ## - DESCRIPCIÓN FÍSICA
Extensión XVI, 265 p. ;
Dimensiones 22 cm.
700 1# - ENTRADA AGREGADA--NOMBRE PERSONAL
Nombre de persona Cabrero Fernández, Leoncio.
9 (RLIN) 33326
710 2# - ENTRADA AGREGADA--NOMBRE DE ENTIDAD CORPORATIVA
Nombre de entidad corporativa o nombre de jurisdicción como elemento de entrada Instituto "Gonzalo Fernández de Oviedo"
9 (RLIN) 5079
852 ## - LOCALIZACIÓN
Ubicación ES-MaACL
Número de control de estantería L-835
Sublocalización o colección R.101368
Holdings
Estatus retirado Estado de pérdida Estado de daño No para préstamo Biblioteca de origen Biblioteca actual Ubicación en estantería Fecha de adquisición Fuente de adquisición Total de préstamos Signatura topográfica completa Código de barras Visto por última vez Precio de reemplazo Tipo de ítem Koha
        Biblioteca del Ateneo de Madrid Biblioteca del Ateneo de Madrid Depósito 2 17/01/2008     L-835 1108359 23/02/2023 23/02/2023 Libro impreso